000 00400nam a22001697a 4500
003 CEME
005 20210628205248.0
008 210224b xxu||||| |||| 00| 0 eng d
040 _c.
082 _a297 KHA'M
100 _aKhan, Waheed-Ud-Din Mulana
_974648
245 _aMazhab aur jadid challenge
250 _a2ND
260 _aKARACHI
_bFAZLE SONS
_c1996
300 _a220P
942 _cBK
_2ddc
999 _c580160
_d580160